Kritické faktory úspechu podniku
Popis jednotlivých faktorov úspešnosti podniku - tzv. 7S faktorov. Stratégia firmy. Organizačná štruktúra podniku. Systémy riadenia. Spolupracovníci - riadenie ľudských zdrojov. Podniková kultúra. Štýl riadenia. Schopnosti.
Salvato in:
| Autore principale: | |
|---|---|
| Natura: | Capitolo di libro |
| Lingua: | slovacco |
| Soggetti: | |
| Tags: |
Nessun Tag, puoi essere il primo ad aggiungerne!!
|
MARC
| LEADER | 00000naa$a2200000$$$4500 | ||
|---|---|---|---|
| 001 | 0098258 | ||
| 005 | 20231103071452.6 | ||
| 041 | 0 | |a slo | |
| 044 | |a SK | ||
| 245 | 1 | 0 | |a Kritické faktory úspechu podniku |c Viera Šukalová |
| 520 | |a Popis jednotlivých faktorov úspešnosti podniku - tzv. 7S faktorov. Stratégia firmy. Organizačná štruktúra podniku. Systémy riadenia. Spolupracovníci - riadenie ľudských zdrojov. Podniková kultúra. Štýl riadenia. Schopnosti. | ||
| 610 | 2 | 0 | |a manažment |
| 610 | 2 | 0 | |a riadenie podnikové |
| 610 | 2 | 0 | |a riadenie strategické |
| 610 | 2 | 0 | |a štruktúra organizačná |
| 610 | 2 | 0 | |a systémy informačné podnikové |
| 610 | 2 | 0 | |a riadenie ľudských zdrojov |
| 610 | 2 | 0 | |a kultúra podniková |
| 610 | 2 | 0 | |a konkurencieschopnosť |
| 100 | 1 | |a Šukalová, Viera | |